Seconde Guerre mondiale - Statistiques

Statistiques générales
  • Ce quiz a été pris 44 fois
    43 depuis la dernière actualisation
  • Le résultat moyen est 8 sur 15
Statistiques - réponses
Question Réponse % Correct
Qui a fait un discours le 18 juin 1940 ? Le Général de Gaulle
100%
Quel est la date du D-Day ? 6 juin 1944
83%
Qui est Jean Moulin ? Allié de De Gaulle qui a unifié tous les réseaux de la Résistance
66%
Qui torture Jean Moulin à Lyon Klaus Barbie
66%
Qu'est-ce que l'opération "Barbarossa" ? L'invasion de l'URSS par l'allemagne
66%
Que fait Mengele à Auschwitz ? Il sélectionne les prisonniers et mène des expériences médicales
56%
Comment s'appelait la jeune juive qui a tenu un journal intime pendant la seconde guerre mondiale avant de mourir du Typhus en 1945 Anne Frank
51%
Qu'est-ce que l'opération "Uranus" à Stalingrad ? L'encerclement de la 6e armée par les Soviétiques
51%
Qu'est ce que l'Einsatgruppen ? Des unités mobiles qui massacrent les Juifss soviétiques par balles
46%
Qui est Heinrich Himmler ? L'architecte principale de la Shoah
39%
C'est quoi la conférence de Wannsee ? (1942) Une réunion de 90 minutes pour planifier la Solution Finale
37%
Combien de temps dure le siège de Leningrad ? 872 jours
34%
Qu'est-ce que le programme T4 des nazis ? L'extermination des handicapés (mentaux et physiques)
34%
Quelle bataille marque le tournant du Pacifique ? Midway
24%
Qu'est-ce que "la route de la vie" à Leningrad ? Un corridor sur le lac Ladoga gelé
22%
Aucun quiz correspondant
Distribution des résultats
% des personnes avec chaque résultat
Percentile par nombre de réponses
Votre historique - résultats
Vous n’avez pas pris ce quiz depuis la dernière actualisation